000 00604nam a2200205Ia 4500
005 20250923144742.0
008 008 250917s9999 xx 000 0 eng d
037 _aTextual
040 _aDSWL
_beng
_cDSWL
041 _aeng
_2eng
084 _aX75.2.N6, K1
_qDSWL
100 _aGregory, Sir Theodore
_9828045
245 0 _aIndia on the eve of the third five years plan
_cby Sir Theodore Gregory
260 _aCalcutta
_bAssociated Chember
_c1961
300 _aiv,352p.
365 _aINR
_b5
925 _g5
942 _cTEXL
_hX75.2.N6, K1
999 _c1442919
_d1442919